| 000 | 01184cam a2200289 a 4500 | ||
|---|---|---|---|
| 001 | 000014961 | ||
| 005 | 20200929163930.0 | ||
| 008 | 990224s1998 ve ac c 001 0 spa d | ||
| 020 | _a9803510193 | ||
| 040 |
_aDO-SdBNP _bspa _cDLC _dBNPHU |
||
| 082 |
_a700 _bV945L |
||
| 100 | 1 |
_aVon Dangel, Miguel, _d1946- _933866 |
|
| 245 | 1 | 0 |
_aLastenia Tello de Michelena : _bla saga de una pasión / _cMiguel von Dangel. |
| 260 |
_aCaracas, Venezuela : _bConsejo Nacional de la Cultura, _bFundación Museo Arturo Michelena, _c1998. |
||
| 300 |
_a37 p. : _bil., retrs. ; _c27 cm. |
||
| 490 | 1 |
_aExposición _v15 |
|
| 490 | 1 |
_aCatálogo _v14 |
|
| 500 | _aExposición realizada en Caracas en el Museo Arturo Michelena, julio de 1998. | ||
| 600 | 1 | 4 |
_aVON DANGEL, MIGUEL, _d1946- _vEXPOSICIONES _933867 |
| 600 | 1 | 4 |
_aMICHELENA, ARTURO, _d1863-1898 _vEXPOSICIONES. _933868 |
| 700 | 1 |
_aMichelena, Arturo, _d1863-1898. _933864 |
|
| 710 | 2 |
_aMuseo Arturo Michelena (Caracas, Venezuela) _933869 |
|
| 830 | 0 |
_aExposición (Fundación Museo Arturo Michelena) ; _v15 _933870 |
|
| 830 | 0 |
_aCatálogo (Fundación Museo Arturo Michelena) ; _v14 _933871 |
|
| 910 | _aCatalogación por copia / LC | ||
| 049 | _aBNGR | ||
| 999 |
_c14536 _d14536 |
||